|
|
|
|
| LEADER |
01046nam a2200277 a 4500 |
| 001 |
2653 |
| 003 |
BD-DhAAL |
| 008 |
150913s1990 txua b 001 0 eng d |
| 020 |
|
|
|a 0811413675
|
| 020 |
|
|
|a 0811413667
|
| 040 |
|
|
|a IBS
|c IBS
|d NJT
|d BD-DhAAL
|
| 082 |
0 |
4 |
|a 428.1
|2 20
|
| 100 |
1 |
|
|a Pescosolido, John R.
|9 14604
|
| 245 |
0 |
0 |
|a Steck-Vaughn spelling /
|c John R. Pescosolido ; consultants, Sister Sarah Page ... [et al.].
|
| 260 |
|
|
|a Austin, Tex. :
|b Steck-Vaughn, ;
|a New Delhi :
|b Worldview,
|c c1984.
|
| 300 |
|
|
|a 176 p. :
|b ill. ;
|c 24cm.
|
| 500 |
|
|
|a For grades 1-8.
|
| 541 |
1 |
|
|e 2653
|
| 650 |
|
0 |
|a Spellers
|9 14605
|
| 650 |
|
0 |
|a Vocabulary
|x Study and teaching (Elementary)
|9 14606
|
| 650 |
|
0 |
|a English language
|x Orthography and spelling.
|9 14607
|
| 700 |
1 |
|
|a Pescosolido, John R.
|9 14604
|
| 710 |
2 |
|
|a Steck-Vaughn Company.
|9 9737
|
| 942 |
|
|
|2 ddc
|c BK
|
| 999 |
|
|
|c 35518
|d 35518
|
| 952 |
|
|
|0 0
|1 0
|2 ddc
|4 0
|6 428_100000000000000_PES
|7 0
|9 55869
|a SCL
|b SCL
|c GEN
|d 2015-09-13
|e Gift: The Asia Foundation
|l 0
|o 428.1 PES
|p 3020002653
|r 2015-09-13
|t 1
|w 2015-09-13
|y BK
|